书目信息 |
| 题名: |
新信贷
|
|
| 作者: | 屈建国 , 龙小宝 著 | |
| 分册: | ||
| 出版信息: | 北京 北京大学出版社 2009 |
|
| 页数: | 461页 | |
| 开本: | 25cm | |
| 丛书名: | ||
| 单 册: | ||
| 中图分类: | F830.5 | |
| 科图分类: | ||
| 主题词: | 银行业务--信贷管理 , 银行业务 , 信贷管理 | |
| 电子资源: | ||
| ISBN: | 978-7-301-14881-5 | |
| 000 | 01209nam0 2200289 45 | |
| 001 | 1029944851 | |
| 005 | 20100428150524.00 | |
| 010 | @a978-7-301-14881-5@dCNY88.00 | |
| 100 | @a20100420d2009 em y0chiy50 ea | |
| 101 | 0 | @achi |
| 102 | @aCN@b110000 | |
| 105 | @ay z 000yy | |
| 106 | @ar | |
| 200 | 1 | @a新信贷@AXin Xin Dai@dThe new credit:bank relationship managers' handbook@e银行客户经理业务手册@EYin Xing Ke Hu Jing Li Ye Wu Shou Ce@f屈建国, 龙小宝著@FQu Jian Guo, Long Xiao Bao Zhu@zeng |
| 210 | @a北京@c北京大学出版社@d2009 | |
| 215 | @a461页@d25cm | |
| 330 | @a本书从银行客户经理的视角出发,解析信贷业务,把现代银行经营理念、最新管理技术、实战模式、市场营销等有机结合起来,而且把信贷业务放在金融环境变迁以及银行经营策略转型的层面上进行讲解,向客户经理传授“活知识”。 | |
| 510 | 1 | @aNew credit@ebank relationship managers' handbook@zeng |
| 517 | 1 | @a银行客户经理业务手册@AYin Xing Ke Hu Jing Li Ye Wu Shou Ce |
| 606 | 0 | @a银行业务@x信贷管理 |
| 606 | 0 | @a银行业务 |
| 606 | 0 | @a信贷管理 |
| 690 | @aF830.5@v4 | |
| 701 | 0 | @a屈建国@AQu Jian Guo@g(金融)@4著 |
| 701 | 0 | @a龙小宝@ALong Xiao Bao@g(金融)@4著 |
| 801 | 0 | @aCN@bTANGWEI@c20100428 |
| 905 | @b0594650-54@dF830.5@e191@f5 | |
| 新信贷=The new credit:bank relationship managers' handbook:银行客户经理业务手册/屈建国, 龙小宝著.-北京:北京大学出版社,2009 |
| 461页;25cm |
| ISBN 978-7-301-14881-5:CNY88.00 |
| 本书从银行客户经理的视角出发,解析信贷业务,把现代银行经营理念、最新管理技术、实战模式、市场营销等有机结合起来,而且把信贷业务放在金融环境变迁以及银行经营策略转型的层面上进行讲解,向客户经理传授“活知识”。 |
| ● |
| 相关链接 |
|
|
|
|
正题名:新信贷
索取号:F830.5/191
 
预约/预借
| 序号 | 登录号 | 条形码 | 馆藏地/架位号 | 状态 | 备注 |
| 1 | 0594650 | 205946501 | 第一样本阅览室/ [索取号:F830.5/191] | 在馆 | |
| 2 | 0594651 | 205946510 | 第一借阅区/ [索取号:F830.5/191] | 在馆 | |
| 3 | 0594652 | 205946529 | 第一借阅区/ [索取号:F830.5/191] | 在馆 | |
| 4 | 0594653 | 205946538 | 第一借阅区/ [索取号:F830.5/191] | 在馆 | |
| 5 | 0594654 | 205946547 | 第一借阅区/ [索取号:F830.5/191] | 在馆 |